A vízimérnökök földet szereztek Tisza-szabályozás: reformkori honfoglalás /
Elmentve itt :
| Szerző: | |
|---|---|
| Dokumentumtípus: | Cikk |
| Megjelent: |
1998-03-14
|
| Sorozat: | Délmagyarország
88 No. 62 |
| Kulcsszavak: | Tisza, Folyószabályozás Tisza |
| Online Access: | http://dmarchiv.bibl.u-szeged.hu/84508 |
| LEADER | 00524nab a2200157 i 4500 | ||
|---|---|---|---|
| 001 | delm84508 | ||
| 005 | 20191025092842.0 | ||
| 008 | 191025s1998 hu o 0|| hun d | ||
| 040 | |a SZTE Délmagyarország Archívum |b hun | ||
| 041 | |a hun | ||
| 100 | 1 | |a Vágás István | |
| 245 | 1 | 2 | |a A vízimérnökök földet szereztek |h [elektronikus dokumentum] : |b Tisza-szabályozás: reformkori honfoglalás / |c Vágás István |
| 260 | |c 1998-03-14 | ||
| 300 | |a 9 | ||
| 490 | 0 | |a Délmagyarország |v 88 No. 62 | |
| 695 | |a Tisza, Folyószabályozás Tisza | ||